[Event "48th Bosna it"]
[Site "Sarajevo BIH"]
[Date "2018.05.08"]
[Round "5.28"]
[White "Trisha, Kanyamarala"]
[Black "Sitnic, Adnan"]
[Result "0-1"]
[WhiteElo "1932"]
[BlackElo "2187"]
[EventDate "2018.05.05"]
[PlyCount "58"]

1.Nf3 f5 2.d3 d6 3.e4 g6 4.c4 Bg7 5.Nc3 c5 6.exf5 Bxf5 7.d4 Nc6 8.Be3 Qb6 
9.Na4 Qa5+ 10.Bd2 Qc7 11.Bc3 Nb4 12.Bxb4 cxb4 13.b3 e5 14.Nb2 Ne7 15.Nh4 
Be6 16.Rc1 O-O 17.Be2 Rf4 18.Nf3 Bh6 19.O-O Raf8 20.d5 Bg4 21.Ra1 Bxf3 22.
Bxf3 e4 23.Bg4 Rxf2 24.Be2 Qc5 25.Kh1 Qe3 26.Re1 Qg5 27.Rg1 Nf5 28.g3 Ne3 
29.Qd2 Ng4 0-1

[Event "48th Bosna it"]
[Site "Sarajevo BIH"]
[Date "2018.05.08"]
[Round "5.29"]
[White "Aleksic, Neven"]
[Black "Stankovic, Dragan"]
[Result "1-0"]
[WhiteElo "2154"]
[BlackElo "1919"]
[EventDate "2018.05.05"]
[PlyCount "75"]

1.d4 d5 2.c4 c6 3.Nf3 Nf6 4.Qc2 e6 5.Bg5 Qa5+ 6.Nbd2 Ne4 7.Bf4 Bb4 8.a3 
Nd7 9.Rd1 Bxd2+ 10.Nxd2 Ndf6 11.e3 Nh5 12.Bg3 Nhxg3 13.hxg3 Nxd2 14.Rxd2 
h6 15.g4 Bd7 16.Be2 dxc4 17.Rh5 Qc7 18.Qxc4 g6 19.Rh1 Qa5 20.Qc5 Qxc5 21.
dxc5 e5 22.g5 h5 23.Bc4 Rd8 24.Rh4 O-O 25.Re4 Be6 26.Rxd8 Rxd8 27.Bxe6 
fxe6 28.Rxe5 Kf7 29.Ke2 Rd5 30.Rxd5 exd5 31.e4 Ke6 32.Ke3 Ke5 33.f4+ Ke6 
34.g3 Ke7 35.exd5 cxd5 36.Kd4 Ke6 37.b4 a6 38.a4 1-0

[Event "48th Bosna it"]
[Site "Sarajevo BIH"]
[Date "2018.05.08"]
[Round "5.30"]
[White "Angun, Batu"]
[Black "Janjic, Nikola"]
[Result "1/2-1/2"]
[WhiteElo "2152"]
[BlackElo "1874"]
[EventDate "2018.05.05"]
[PlyCount "97"]

1.d4 d5 2.c4 c6 3.Nf3 Nf6 4.Nc3 Bf5 5.cxd5 cxd5 6.Ne5 e6 7.Qa4+ Nfd7 8.g4 
Bg6 9.h4 f6 10.Nxg6 hxg6 11.Bf4 g5 12.Bg3 gxh4 13.Rxh4 Rxh4 14.Bxh4 Nc6 
15.e3 a6 16.Bg3 Nb6 17.Qc2 Qd7 18.O-O-O Rc8 19.Kb1 Na5 20.Be2 Nbc4 21.Qg6+
Qf7 22.Qxf7+ Kxf7 23.e4 dxe4 24.Nxe4 Rd8 25.b3 Na3+ 26.Kb2 Nc6 27.Nc5 Bxc5
28.dxc5 Rxd1 29.Bxd1 Nb5 30.a3 e5 31.b4 Nbd4 32.Kc3 Nb5+ 33.Kb2 Nbd4 34.
Bb3+ Nxb3 35.Kxb3 Nd4+ 36.Kc4 Ke6 37.a4 g5 38.b5 axb5+ 39.axb5 Nf3 40.b6 
Kd7 41.Kd5 Nh4 42.c6+ bxc6+ 43.Kc5 Nf3 44.b7 Kc7 45.b8=Q+ Kxb8 46.Kxc6 Nd2
47.Kd5 Kc7 48.Bxe5+ fxe5 49.Kxe5 1/2-1/2

[Event "48th Bosna it"]
[Site "Sarajevo BIH"]
[Date "2018.05.08"]
[Round "5.31"]
[White "Sesar, Ivan"]
[Black "Pleh, Semir"]
[Result "1-0"]
[WhiteElo "2122"]
[BlackElo "1766"]
[EventDate "2018.05.05"]
[PlyCount "143"]

1.c4 e5 2.g3 d6 3.Nc3 c6 4.d4 Qc7 5.Nf3 g6 6.Bg2 Bg7 7.O-O Nf6 8.e4 O-O 9.
d5 a6 10.Bd2 c5 11.a3 Nbd7 12.Qe2 Rb8 13.Rfc1 Re8 14.b4 b6 15.Rab1 h6 16.
Ne1 Qd8 17.Nd3 Qc7 18.Nd1 Nf8 19.Ne3 Bd7 20.Rb2 Rec8 21.f3 Qa7 22.bxc5 
bxc5 23.Rcb1 Rxb2 24.Rxb2 Ne8 25.Qd1 Rb8 26.Qb1 Rxb2 27.Qxb2 Qc7 28.Qb3 
Bc8 29.Nb2 Nd7 30.Qa4 Qb6 31.Ned1 Ndf6 32.Ba5 Qb8 33.Qc6 Bf8 34.Kf2 Be7 
35.Ke2 Bb7 36.Qa4 Bc8 37.Bd2 Bf8 38.Kd3 Qb7 39.Qc6 Qb8 40.Kc2 Bb7 41.Qa4 
Bc8 42.Nf2 Qb7 43.Qc6 Qb8 44.Nfd3 Bb7 45.Qa4 Bc8 46.Nc1 Qa7 47.Nb3 Bd7 48.
Qa5 Kg7 49.Qd8 Ng8 50.Qa5 Be7 51.Nd3 Qa8 52.Qc3 Ba4 53.Bh3 Bd8 54.Nb2 
Bxb3+ 55.Qxb3 Ngf6 56.Qa4 g5 57.Bf5 Qb7 58.Nd1 Qb6 59.Ne3 Kf8 60.Bc8 a5 
61.Nf5 Ng8 62.Qd7 Qc7 63.Qxc7 Bxc7 64.Kb3 Ne7 65.Nxe7 Kxe7 66.Ka4 Kd8 67.
Bh3 Bb6 68.Bg4 Nc7 69.h4 f6 70.Bh5 Kc8 71.f4 gxf4 72.gxf4 1-0

[Event "48th Bosna it"]
[Site "Sarajevo BIH"]
[Date "2018.05.08"]
[Round "5.32"]
[White "Muhibic, Cazim"]
[Black "Nenezic, Danilo"]
[Result "0-1"]
[WhiteElo "1920"]
[BlackElo "2116"]
[EventDate "2018.05.05"]
[PlyCount "52"]

1.e4 c5 2.f4 d5 3.exd5 Qxd5 4.Nc3 Qd6 5.Qf3 Nc6 6.Nb5 Qd8 7.c3 a6 8.Na3 
Nf6 9.h3 e6 10.d3 Be7 11.Bd2 Qc7 12.Ne2 b5 13.Nc2 Bb7 14.Qf2 O-O 15.Rg1 
Rfd8 16.Nc1 e5 17.g4 exf4 18.Bxf4 Bd6 19.Ne2 b4 20.c4 Qa5 21.b3 Ne5 22.
Bxe5 Bxe5 23.d4 cxd4 24.Ncxd4 Ne4 25.Qe3 Nc3 26.Nxc3 Bxd4 0-1

[Event "48th Bosna it"]
[Site "Sarajevo BIH"]
[Date "2018.05.08"]
[Round "5.33"]
[White "Taylor, Robert Graham"]
[Black "Maksimovic, Masa"]
[Result "0-1"]
[WhiteElo "1889"]
[BlackElo "2087"]
[EventDate "2018.05.05"]
[PlyCount "130"]

1.Nf3 d5 2.b3 c5 3.Bb2 Nc6 4.e3 Nf6 5.d4 cxd4 6.exd4 Bg4 7.Be2 e6 8.O-O 
Bd6 9.Nbd2 O-O 10.h3 Bh5 11.Ne5 Bxe2 12.Qxe2 Rc8 13.c4 Bb4 14.Rfd1 dxc4 
15.Nxc6 Rxc6 16.bxc4 Qa5 17.Nf3 Bc3 18.Bxc3 Qxc3 19.Rac1 Qa5 20.Rb1 Qa6 
21.Ne5 Rc7 22.Rb2 Nd7 23.Nxd7 Rxd7 24.c5 Qxe2 25.Rxe2 Rc8 26.Rb1 Kf8 27.
Reb2 Rcc7 28.Kf1 Ke7 29.Ke2 Rxd4 30.Rxb7 Kd7 31.R7b5 Rc4 32.Rd1+ Kc6 33.
Rb2 Rxc5 34.Rd8 h5 35.f3 Rd7 36.Rc8+ Kd6 37.Rg8 g6 38.g4 hxg4 39.hxg4 Ke5 
40.Kf2 Rc4 41.Rgb8 Kf4 42.R8b3 Rdc7 43.Re2 Rc2 44.Ra3 Rxe2+ 45.Kxe2 f5 46.
gxf5 exf5 47.Ra4+ Kg3 48.Ra3 Re7+ 49.Kd1 f4 50.Kd2 Kf2 51.Ra6 Kxf3 52.Rxg6
Re2+ 53.Kd1 Rxa2 54.Rf6 a5 55.Rf7 a4 56.Rc7 Kf2 57.Rh7 Ra1+ 58.Kd2 a3 59.
Ra7 f3 60.Ra8 Kf1 61.Ra7 f2 62.Kc2 a2 63.Kb2 Rd1 64.Kxa2 Rd5 65.Kb2 Ke1 
0-1

[Event "48th Bosna it"]
[Site "Sarajevo BIH"]
[Date "2018.05.08"]
[Round "5.34"]
[White "Kozarcanin, Sead"]
[Black "Herega, Nejc"]
[Result "1-0"]
[WhiteElo "2066"]
[BlackElo "1600"]
[EventDate "2018.05.05"]
[PlyCount "99"]

1.b3 d5 2.Bb2 Bg4 3.h3 Bh5 4.g4 Bg6 5.Bg2 c6 6.Nf3 Nd7 7.d3 Qc7 8.Nh4 e5 
9.Nxg6 hxg6 10.c4 Bb4+ 11.Nd2 d4 12.a3 Bxd2+ 13.Qxd2 Ngf6 14.O-O-O Nc5 15.
Kc2 a5 16.b4 Ne6 17.e3 Qb6 18.Ra1 c5 19.b5 a4 20.Rae1 O-O-O 21.exd4 exd4 
22.f4 Qc7 23.Bc1 Rhe8 24.Qf2 Rd7 25.f5 gxf5 26.gxf5 Nd8 27.Bf4 Qa5 28.Bd2 
Qc7 29.Rxe8 Nxe8 30.Rb1 b6 31.Bf4 Qa7 32.Re1 Nd6 33.Bc6 Nxc6 34.bxc6 Rd8 
35.Bxd6 Rxd6 36.Re8+ Rd8 37.Rxd8+ Kxd8 38.Qh4+ Ke8 39.Qh8+ Ke7 40.Qxg7 Qa5
41.Qe5+ Kf8 42.Kd1 Qc3 43.c7 Qb3+ 44.Ke1 Qc3+ 45.Kf2 Qd2+ 46.Kg3 Qg5+ 47.
Kf3 Qh5+ 48.Ke4 Qe2+ 49.Kd5 Qg2+ 50.Kd6 1-0

[Event "48th Bosna it"]
[Site "Sarajevo BIH"]
[Date "2018.05.08"]
[Round "5.36"]
[White "Bies, Brian"]
[Black "Nestorovic, Katarina"]
[Result "1/2-1/2"]
[WhiteElo "1610"]
[BlackElo "2038"]
[EventDate "2018.05.05"]
[PlyCount "106"]

1.e4 c5 2.b3 e6 3.Bb2 Nf6 4.e5 Nd5 5.Nc3 Nxc3 6.Bxc3 Be7 7.f4 O-O 8.Bd3 b6
9.Qh5 g6 10.Qe2 Bb7 11.O-O-O Nc6 12.h4 a5 13.a4 d5 14.exd6 Qxd6 15.h5 Nb4 
16.Bxb4 axb4 17.Nh3 Bf6 18.Qe3 Bd5 19.hxg6 fxg6 20.Ng5 Bxg5 21.fxg5 Qc7 
22.Rh4 Rf7 23.Rdh1 Rg7 24.Qh3 Ra7 25.Be4 Qe5 26.d3 Qxg5+ 27.Kb1 Qe5 28.
Bxd5 Qxd5 29.Re4 Rae7 30.Rhe1 Kf7 31.Qf3+ Ke8 32.Qf4 Kd7 33.Qb8 Qc6 34.d4 
Qc7 35.Qa8 Qc8 36.Qxc8+ Kxc8 37.Rxe6 Rxe6 38.Rxe6 Kb7 39.dxc5 bxc5 40.c3 
bxc3 41.Kc2 Rf7 42.Re2 Kb6 43.Kxc3 Rf4 44.Re6+ Kb7 45.Re5 Kc6 46.Rg5 Re4 
47.Kb2 Re2+ 48.Ka3 Re4 49.Rg3 Rf4 50.Rh3 Rg4 51.Rxh7 Rxg2 52.Rh8 Rg1 53.
Rg8 Rg2 1/2-1/2

[Event "48th Bosna it"]
[Site "Sarajevo BIH"]
[Date "2018.05.08"]
[Round "5.37"]
[White "Stanivukovic, Drago"]
[Black "Ababneh, Ghayth"]
[Result "0-1"]
[WhiteElo "1872"]
[BlackElo "2006"]
[EventDate "2018.05.05"]
[PlyCount "102"]

1.d4 Nf6 2.c4 d6 3.Nc3 g6 4.e4 Bg7 5.f3 O-O 6.Be3 c5 7.Nge2 Nc6 8.dxc5 
dxc5 9.Qxd8 Rxd8 10.Bxc5 b6 11.Ba3 Ba6 12.b3 Nd7 13.Rd1 Nde5 14.Nd5 Rd7 
15.f4 e6 16.fxe5 exd5 17.Nf4 d4 18.Nd5 Bxe5 19.Be2 Re8 20.Bg4 Rdd8 21.O-O 
Kg7 22.Rf3 Bb8 23.Nf6 Re5 24.Rdf1 Bd6 25.Nd7 Bxa3 26.Rxf7+ Kh8 27.Nxe5 
Nxe5 28.Rxa7 Nxg4 29.Rxa6 Bc5 30.b4 Bxb4 31.Rxb6 Bc3 32.c5 d3 33.h3 Bd4+ 
34.Kh1 Nf2+ 35.Kh2 d2 36.Rb5 d1=Q 37.Rxd1 Nxd1 38.c6 Nc3 39.Rb4 Nxa2 40.
Rc4 Be5+ 41.Kg1 Nc3 42.Kf2 Kg7 43.Ke3 Rc8 44.Rc5 Kf6 45.Kd3 Ke6 46.Ra5 
Rxc6 47.Ra7 Rd6+ 48.Kc4 h5 49.Rh7 Nxe4 50.Rh6 Kf5 51.Rh7 Rd4+ 0-1

[Event "48th Bosna it"]
[Site "Sarajevo BIH"]
[Date "2018.05.08"]
[Round "5.38"]
[White "Vlatkovic, Milos"]
[Black "Zenelaj, Samuel"]
[Result "1-0"]
[WhiteElo "2318"]
[BlackElo "1840"]
[EventDate "2018.05.05"]
[PlyCount "139"]

1.d4 Nf6 2.c4 d6 3.Nc3 g6 4.e4 Bg7 5.h3 O-O 6.Bg5 c6 7.Nf3 e5 8.d5 h6 9.
Be3 c5 10.Be2 Na6 11.Qd2 Kh7 12.g4 Ne8 13.O-O-O Bd7 14.h4 Nac7 15.h5 g5 
16.Nh2 Bf6 17.Nf1 Ng7 18.Ng3 Rb8 19.Qc2 b5 20.Nf5 Nxf5 21.exf5 bxc4 22.Ne4
Ne8 23.Bxc4 Qa5 24.Bd2 Qb6 25.Bc3 Bb5 26.Qd3 Bxc4 27.Qxc4 Qb5 28.b3 a6 29.
Kc2 Be7 30.a4 Qb6 31.Rb1 Nf6 32.Ng3 Rfc8 33.f3 a5 34.Kb2 Qa7 35.Ka2 Rc7 
36.Nf1 Rb4 37.Bxb4 cxb4 38.Qd3 Rc3 39.Qd1 Qc5 40.Nd2 Nxd5 41.Ne4 Rc2+ 42.
Ka1 Qd4+ 43.Qxd4 exd4 44.Rb2 Rc3 45.Rd1 Rxf3 46.Rxd4 Nc3 47.Nxc3 Rxc3 48.
Ka2 Bf6 49.Rxd6 Kg7 50.Rd5 Rg3 51.Rxa5 Rxg4 52.Rb5 Bxb2 53.Kxb2 Rg2+ 54.
Kb1 Kf6 55.Rxb4 Kxf5 56.a5 Rd2 57.a6 Rd8 58.a7 Ra8 59.Rb7 g4 60.Rxf7+ Ke4 
61.Rg7 Kf3 62.b4 g3 63.b5 Re8 64.b6 Re1+ 65.Kc2 Re2+ 66.Kb3 Re3+ 67.Kb4 
Re4+ 68.Kb5 Re5+ 69.Ka6 Re8 70.Kb7 1-0

[Event "48th Bosna it"]
[Site "Sarajevo BIH"]
[Date "2018.05.08"]
[Round "5.39"]
[White "Leutic, Ante"]
[Black "Celik, Eda"]
[Result "0-1"]
[WhiteElo "2087"]
[BlackElo "1831"]
[EventDate "2018.05.05"]
[PlyCount "120"]

1.Nf3 d5 2.g3 c6 3.Bg2 Nf6 4.c4 dxc4 5.Qc2 Bg4 6.a4 Nbd7 7.Na3 e5 8.Nxc4 
Bxf3 9.Bxf3 Be7 10.d3 O-O 11.O-O Re8 12.a5 Nd5 13.Bd2 Bf8 14.Rab1 b5 15.
Ne3 Rc8 16.b4 a6 17.Qb3 N7f6 18.Rfc1 Qd7 19.Rc2 Red8 20.Rbc1 g6 21.Nxd5 
Nxd5 22.Bxd5 cxd5 23.Rxc8 Rxc8 24.Rxc8 Qxc8 25.Qxd5 Qc2 26.Be3 Qb1+ 27.Kg2
Qxb4 28.Qxe5 Qe7 29.Qb8 Qd6 30.Qc8 b4 31.Bf4 Qd5+ 32.e4 Qxd3 33.Bh6 Qxe4+ 
34.Kf1 Qd3+ 35.Kg1 Qd6 36.Bxf8 Qxf8 37.Qxa6 b3 38.Qb7 Qa3 39.a6 b2 40.a7 
Qa1+ 41.Kg2 b1=Q 42.Qxb1 Qxb1 43.a8=Q+ Kg7 44.Qd5 Qe1 45.g4 Qb4 46.h3 Qf4 
47.Qd3 Qe5 48.h4 h6 49.Qf3 Qf6 50.Kg3 Qe5+ 51.Kg2 Qf6 52.Qxf6+ Kxf6 53.Kf3
h5 54.gxh5 gxh5 55.Ke3 Kf5 56.Kf3 f6 57.Kg3 Ke4 58.f3+ Ke3 59.Kg2 f5 60.
Kg3 f4+ 0-1

[Event "48th Bosna it"]
[Site "Sarajevo BIH"]
[Date "2018.05.08"]
[Round "5.40"]
[White "Kajevic, Dzevad"]
[Black "Zechner, Andrea"]
[Result "0-1"]
[WhiteElo "1979"]
[BlackElo "1811"]
[EventDate "2018.05.05"]
[PlyCount "80"]

1.d4 d5 2.Nf3 Nf6 3.c4 c6 4.Nc3 dxc4 5.a4 Bf5 6.Bf4 Nd5 7.Bg3 e6 8.Nd2 
Nxc3 9.bxc3 b5 10.e4 Bg6 11.axb5 cxb5 12.Be2 Nd7 13.O-O Nb6 14.f4 f5 15.
exf5 Bxf5 16.Bf3 Nd5 17.Re1 Be7 18.Bxd5 Qxd5 19.Re5 Qd7 20.Ra6 O-O 21.Ne4 
Qb7 22.Raxe6 Bxe6 23.Rxe6 Rfe8 24.Qf3 Qd7 25.f5 a5 26.d5 Rf8 27.d6 Bd8 28.
Bf2 Qxe6 29.fxe6 Rxf3 30.gxf3 a4 31.Bc5 a3 32.Bxa3 Rxa3 33.Kf2 Bb6+ 34.Kg3
Kf8 35.Kf4 b4 36.Ke5 Ra5+ 37.Kf4 b3 38.Nd2 b2 39.Ke4 Ra1 40.Kd5 Rd1 0-1

[Event "48th Bosna it"]
[Site "Sarajevo BIH"]
[Date "2018.05.08"]
[Round "5.41"]
[White "Markovic, Rade"]
[Black "Yerden, Huseyin Eren"]
[Result "0-1"]
[WhiteElo "1767"]
[BlackElo "1975"]
[EventDate "2018.05.05"]
[PlyCount "102"]

1.e4 c5 2.Nc3 a6 3.g3 b5 4.Bg2 Bb7 5.d3 e6 6.f4 d5 7.exd5 exd5 8.Qh5 Nf6 
9.Qe2+ Be7 10.Nf3 O-O 11.O-O Re8 12.h3 Nc6 13.Ne5 Nd4 14.Qf2 b4 15.Nd1 Bd6
16.Be3 Ne6 17.c3 bxc3 18.bxc3 Qc7 19.Rb1 Rab8 20.d4 Ne4 21.Bxe4 dxe4 22.f5
Nxd4 23.cxd4 cxd4 24.Bxd4 Bxe5 25.Bxe5 Qxe5 26.Ne3 Bc6 27.Kh2 Bb5 28.Rfd1 
Bd3 29.Rxb8 Rxb8 30.Rd2 f6 31.Ng4 Qc3 32.h4 Rb5 33.Ne3 a5 34.a4 Rc5 35.Rb2
h6 36.g4 Qe5+ 37.Kg2 Ba6 38.Rb6 Bc8 39.Qa2+ Kh8 40.Qf7 Rc7 41.Qf8+ Kh7 42.
Qd6 Qxd6 43.Rxd6 h5 44.Kg3 Rc3 45.Kf4 hxg4 46.Rd5 g5+ 47.hxg5 fxg5+ 48.Ke5
Bb7 49.Kd4 Bxd5 50.Nxd5 Ra3 51.Ke5 g3 0-1

[Event "48th Bosna it"]
[Site "Sarajevo BIH"]
[Date "2018.05.08"]
[Round "5.42"]
[White "Kabadayi, Suleyman Arda"]
[Black "Zenelaj, Fisnik"]
[Result "0-1"]
[WhiteElo "1514"]
[BlackElo "1909"]
[EventDate "2018.05.05"]
[PlyCount "144"]

1.e4 e5 2.Nf3 Nc6 3.Bb5 a6 4.Ba4 Nf6 5.O-O Be7 6.Re1 b5 7.Bb3 O-O 8.a4 Bb7
9.d3 d6 10.Nbd2 Na5 11.c3 Nxb3 12.Qxb3 Qd7 13.Nf1 Rfb8 14.a5 c5 15.Ng3 g6 
16.Bg5 Kg7 17.d4 Qc7 18.d5 h6 19.Be3 Ng4 20.Bc1 Rf8 21.h3 Nf6 22.Be3 Rae8 
23.Qd1 Bc8 24.b4 c4 25.Qd2 Ng8 26.Nh2 f5 27.exf5 Bxf5 28.Nxf5+ Rxf5 29.f4 
Bh4 30.Rf1 Bg3 31.Rf3 Bxh2+ 32.Kxh2 e4 33.Rff1 Qf7 34.Rad1 Nf6 35.Bd4 Kh7 
36.Bxf6 Qxf6 37.Qd4 Qxd4 38.Rxd4 g5 39.g3 e3 40.Re1 gxf4 41.gxf4 e2 42.Rd2
Kg6 43.Rdxe2 Rxe2+ 44.Rxe2 Rxd5 45.Kg3 Kf5 46.Kf3 Rd1 47.Re8 Rd3+ 48.Re3 
Rd2 49.Re8 h5 50.Rf8+ Ke6 51.Re8+ Kf7 52.Re2 Rd1 53.Ke4 Kf6 54.Kf3 d5 55.
Re5 h4 56.Kg4 d4 57.cxd4 Rxd4 58.Rc5 Ke7 59.Kg5 Rd8 60.f5 Rg8+ 61.Kf4 Kd6 
62.Re5 Rc8 63.f6 c3 64.f7 Rf8 65.Rc5 Rxf7+ 66.Ke4 Rc7 67.Rxc7 Kxc7 68.Kd3 
Kd6 69.Kxc3 Ke5 70.Kd3 Kd5 71.Ke3 Kc4 72.Kf4 Kxb4 0-1

[Event "48th Bosna it"]
[Site "Sarajevo BIH"]
[Date "2018.05.08"]
[Round "5.43"]
[White "Tomic, Jelena"]
[Black "Erceg, Slobodan"]
[Result "1-0"]
[WhiteElo "1881"]
[BlackElo "1791"]
[EventDate "2018.05.05"]
[PlyCount "99"]

1.e4 e6 2.d4 d5 3.e5 c5 4.c3 Nc6 5.Nf3 Qb6 6.a3 Bd7 7.b4 c4 8.a4 a6 9.Nbd2
Nge7 10.Ba3 Ng6 11.g3 Be7 12.h4 h6 13.Bh3 Qd8 14.O-O O-O 15.Qe2 Qe8 16.Nh2
Nd8 17.Ng4 f5 18.exf6 Bxf6 19.a5 Be7 20.h5 Nh8 21.Ne5 Bd6 22.Bg4 Rf6 23.
Ndf3 Bc8 24.Bc1 Rb8 25.Nh4 Bxe5 26.dxe5 Rf8 27.Be3 Qf7 28.Bc5 Re8 29.Rfe1 
Bd7 30.Qd2 Rc8 31.Bd6 Rc6 32.Rad1 Bc8 33.Ng2 Bd7 34.Re3 Bc8 35.Nf4 b6 36.
axb6 Nb7 37.Bc7 a5 38.bxa5 Nxa5 39.Rf3 Nb3 40.Qa2 Nc5 41.Nxd5 exd5 42.Rxf7
Bxg4 43.f3 Nxf7 44.fxg4 Ne4 45.Qa4 Rce6 46.Qa5 Nfg5 47.b7 Nf3+ 48.Kg2 Nxe5
49.Qxd5 Nxg4 50.Qxe6+ 1-0

[Event "48th Bosna it"]
[Site "Sarajevo BIH"]
[Date "2018.05.08"]
[Round "5.46"]
[White "Bavcic, Fuad"]
[Black "Cabric, Izet"]
[Result "0-1"]
[WhiteElo "1694"]
[BlackElo "1885"]
[EventDate "2018.05.05"]
[PlyCount "137"]

1.d4 Nf6 2.c4 c5 3.e3 g6 4.Nc3 cxd4 5.exd4 Bg7 6.Be2 O-O 7.Nf3 d6 8.h3 a6 
9.O-O Qc7 10.Bf4 b6 11.Rc1 Nbd7 12.Re1 Bb7 13.d5 Nc5 14.b4 Ncd7 15.Bd3 
Rfe8 16.Qb3 Rac8 17.Na4 Qd8 18.Nc3 Nf8 19.Nd2 e5 20.Bg5 h6 21.Bxf6 Bxf6 
22.Nce4 Bg7 23.c5 dxc5 24.bxc5 Bxd5 25.Bc4 Bxc4 26.Nxc4 bxc5 27.Ncd6 c4 
28.Qa4 Qd7 29.Qxd7 Nxd7 30.Nxe8 Rxe8 31.Rxc4 f5 32.Nd6 Re6 33.Rc8+ Bf8 34.
Nc4 e4 35.f3 Nf6 36.Kf2 Kf7 37.Rd1 Be7 38.f4 g5 39.g3 Nh5 40.fxg5 hxg5 41.
g4 fxg4 42.hxg4 Nf6 43.Ne3 Bd6 44.Kg2 Bf4 45.Kf2 Bxe3+ 46.Kxe3 Nxg4+ 47.
Ke2 Nf6 48.Rc5 Kg6 49.Rg1 g4 50.Ke3 Rd6 51.Rxg4+ Nxg4+ 52.Kxe4 Nf6+ 53.Ke5
Rb6 54.Ra5 Kf7 55.Kf5 Ke7 56.Re5+ Kd7 57.a4 Ne8 58.Rd5+ Kc6 59.Ke5 Rb4 60.
Rd4 a5 61.Rd8 Nc7 62.Rd6+ Kc5 63.Rd7 Rb7 64.Rd1 Rb2 65.Rc1+ Kb6 66.Rc4 Na6
67.Kd4 Rb4 68.Kc3 Rxc4+ 69.Kxc4 0-1

[Event "48th Bosna it"]
[Site "Sarajevo BIH"]
[Date "2018.05.08"]
[Round "5.47"]
[White "Haskovic, Salih"]
[Black "Alispahic, Armin"]
[Result "1-0"]
[WhiteElo "1857"]
[BlackElo "1549"]
[EventDate "2018.05.05"]
[PlyCount "58"]

1.e4 c5 2.Nc3 a6 3.Nf3 d6 4.d4 cxd4 5.Nxd4 e5 6.Nf3 b5 7.a4 Bb7 8.axb5 
axb5 9.Bxb5+ Nd7 10.Rxa8 Bxa8 11.O-O Be7 12.Nd5 Nf6 13.Nxf6+ gxf6 14.Re1 
h6 15.Nh4 Qa5 16.c4 Qb4 17.b3 Bf8 18.Bd2 Qc5 19.Qa1 Bb7 20.b4 Qc8 21.Qa4 
h5 22.Qa7 Rg8 23.Nf5 Kd8 24.f3 Be7 25.Be3 Rg5 26.Bxg5 fxg5 27.Rd1 d5 28.
Nxe7 Kxe7 29.exd5 g4 1-0

[Event "48th Bosna it"]
[Site "Sarajevo BIH"]
[Date "2018.05.08"]
[Round "5.48"]
[White "Grubauer, Gerhard"]
[Black "Basic, Nemanja"]
[Result "1/2-1/2"]
[WhiteElo "1655"]
[BlackElo "1763"]
[EventDate "2018.05.05"]
[PlyCount "49"]

1.c4 c5 2.Nc3 Nc6 3.Nf3 g6 4.g3 Bg7 5.Bg2 e6 6.O-O Nge7 7.d3 Nd4 8.Be3 
Nec6 9.Rb1 O-O 10.Ne4 Nxf3+ 11.Bxf3 b6 12.Nd6 Qe7 13.Nxc8 Raxc8 14.Qd2 
Rfd8 15.Bg5 f6 16.Bh6 Nd4 17.Bxg7 Nxf3+ 18.exf3 Kxg7 19.Rfe1 e5 20.f4 d6 
21.fxe5 dxe5 22.Qe3 Qf7 23.Qe2 Rd7 24.b4 cxb4 25.Rxb4 1/2-1/2

[Event "48th Bosna it"]
[Site "Sarajevo BIH"]
[Date "2018.05.08"]
[Round "5.49"]
[White "Lakota, Izet"]
[Black "Mahmutagic, Mevilda"]
[Result "1-0"]
[WhiteElo "1761"]
[BlackElo "1538"]
[EventDate "2018.05.05"]
[PlyCount "25"]

1.e4 c5 2.g3 Nf6 3.Bg2 e5 4.c3 Nc6 5.Ne2 d6 6.d4 cxd4 7.cxd4 Bg4 8.f3 Be6 
9.d5 Bxd5 10.exd5 Qa5+ 11.Nbc3 Nxd5 12.Qxd5 Qa6 13.O-O 1-0

[Event "48th Bosna it"]
[Site "Sarajevo BIH"]
[Date "2018.05.08"]
[Round "5.51"]
[White "Terzic, Enes"]
[Black "Fejzic, Danis"]
[Result "1/2-1/2"]
[WhiteElo "1716"]
[BlackElo "1460"]
[EventDate "2018.05.05"]
[PlyCount "53"]

1.d4 Nf6 2.Nf3 g6 3.e3 Bg7 4.Bd3 O-O 5.O-O d6 6.b3 c5 7.Bb2 Nbd7 8.c4 cxd4
9.exd4 Re8 10.Re1 Qc7 11.Nc3 h6 12.d5 Nc5 13.Bc2 Bg4 14.h3 Bxf3 15.Qxf3 e5
16.dxe6 Rxe6 17.Rxe6 fxe6 18.Rd1 Rd8 19.Qe3 e5 20.f4 exf4 21.Qxf4 Ne6 22.
Qd2 Qc5+ 23.Qf2 Qxf2+ 24.Kxf2 Kf7 25.Ba3 Bf8 26.Rd2 Nc7 27.Bd3 1/2-1/2

[Event "48th Bosna it"]
[Site "Sarajevo BIH"]
[Date "2018.05.08"]
[Round "5.54"]
[White "Jovovic, Milan"]
[Black "Gazija, Tarik"]
[Result "1-0"]
[WhiteElo "2042"]
[BlackElo "1528"]
[EventDate "2018.05.05"]
[PlyCount "53"]

1.d4 Nf6 2.Bf4 d5 3.e3 Bf5 4.c4 e6 5.Nc3 c6 6.Qb3 Qd7 7.Nf3 b6 8.Ne5 Qe7 
9.Qa4 Qb4 10.Qxb4 Bxb4 11.Rc1 Ne4 12.a3 Bxc3+ 13.bxc3 f6 14.Nf3 O-O 15.Nh4
g5 16.Bxb8 gxh4 17.Bf4 Rfe8 18.f3 Ng5 19.Kd2 h6 20.cxd5 exd5 21.h3 Rad8 
22.c4 Rc8 23.cxd5 cxd5 24.Ba6 Rxc1 25.Rxc1 Re7 26.Rc7 Kf8 27.Bd6 1-0

[Event "48th Bosna it"]
[Site "Sarajevo BIH"]
[Date "2018.05.08"]
[Round "5.55"]
[White "Radaca, Nasir"]
[Black "Musinovic, Mirsad"]
[Result "1-0"]
[WhiteElo "1619"]
[BlackElo "1561"]
[EventDate "2018.05.05"]
[PlyCount "91"]

1.d4 Nf6 2.Bf4 c5 3.c3 d5 4.e3 Nc6 5.Nf3 e6 6.Nbd2 a6 7.Bd3 b5 8.Ne5 Bb7 
9.Ndf3 Qb6 10.Ng5 Nd8 11.Ng4 h6 12.Nxf6+ gxf6 13.Nf3 Bd6 14.Bg3 a5 15.Qd2 
c4 16.Be2 b4 17.O-O Qc7 18.cxb4 axb4 19.Qxb4 e5 20.Qc3 e4 21.Nd2 Ne6 22.f4
h5 23.Bh4 Ke7 24.Rfc1 Qb6 25.Qc2 Bb4 26.a3 Nxd4 27.Nxc4 dxc4 28.exd4 Qxd4+
29.Kh1 Bd2 30.Qxc4 Qxc4 31.Rxc4 Bxf4 32.Rf1 Be5 33.Bxf6+ Ke6 34.Bxh8 Rxh8 
35.Rb4 Ba8 36.Bc4+ Kd6 37.Bxf7 Rf8 38.Bc4 Re8 39.Re1 Re7 40.b3 Rg7 41.Rd1+
Kc7 42.Rc1 Kd6 43.Rb6+ Kc7 44.Re6 Bf4 45.Rc2 Kd8 46.Rf6 1-0

[Event "48th Bosna it"]
[Site "Sarajevo BIH"]
[Date "2018.05.08"]
[Round "6.1"]
[White "Predke, Alexandr"]
[Black "Diermair, Andreas"]
[Result "1/2-1/2"]
[WhiteElo "2603"]
[BlackElo "2504"]
[EventDate "2018.05.05"]
[PlyCount "58"]

1.e4 e5 2.Nf3 Nc6 3.Bb5 a6 4.Ba4 Nf6 5.O-O Be7 6.Re1 b5 7.Bb3 d6 8.a4 b4 
9.a5 O-O 10.d3 Be6 11.Nbd2 Rb8 12.Bc4 Qc8 13.b3 Na7 14.d4 Nb5 15.Bb2 exd4 
16.Nxd4 Nxd4 17.Bxd4 Bxc4 18.Nxc4 Rb5 19.e5 dxe5 20.Nxe5 Bd6 21.Nc6 Qd7 
22.Qf3 Rf5 23.Qh3 g6 24.Ne5 Bxe5 25.Bxe5 Qd2 26.Qh4 Re8 27.f4 Re6 28.Qg3 
Qd5 29.h3 Nd7 1/2-1/2

[Event "48th Bosna it"]
[Site "Sarajevo BIH"]
[Date "2018.05.08"]
[Round "6.2"]
[White "Kozul, Zdenko"]
[Black "Brkic, Ante"]
[Result "1-0"]
[WhiteElo "2597"]
[BlackElo "2598"]
[EventDate "2018.05.05"]
[PlyCount "125"]

1.Nf3 d5 2.c4 d4 3.g3 Nc6 4.Bg2 e5 5.d3 Bb4+ 6.Nbd2 a5 7.O-O Nf6 8.a3 Be7 
9.b3 O-O 10.Rb1 Re8 11.Ne1 Bf5 12.Nc2 Bf8 13.b4 axb4 14.axb4 Qd7 15.b5 Na5
16.Nf3 h6 17.Ra1 Bd6 18.e3 Nb3 19.Rxa8 Rxa8 20.Ncxd4 Nxc1 21.Nxf5 Nxd3 22.
Bh3 Qd8 23.Qxd3 e4 24.Qd1 exf3 25.Qxf3 Ra4 26.Rc1 b6 27.Bf1 Be5 28.Rd1 Qe8
29.Qc6 Qxc6 30.bxc6 Ra8 31.Bh3 Kf8 32.f3 h5 33.e4 g6 34.Ne3 Ra3 35.f4 Bxf4
36.gxf4 Rxe3 37.e5 Ng4 38.Rd8+ Ke7 39.Rd7+ Ke6 40.Bf1 Re1 41.Rxc7 Ra1 42.
Rd7 Ne3 43.Kf2 Nxf1 44.Rd8 Ra7 45.Rd6+ Ke7 46.Kxf1 Ra4 47.Rd7+ Ke6 48.Rd4 
Ra5 49.Ke2 Rc5 50.Rd6+ Ke7 51.Kd3 g5 52.fxg5 Rxe5 53.Rd7+ Ke8 54.Rb7 Kd8 
55.h4 Rf5 56.Ke4 Rc5 57.Kd4 Rf5 58.Ke4 Rc5 59.Rxf7 Rxc6 60.Kd4 Rd6+ 61.Kc3
Rd1 62.Rh7 Rc1+ 63.Kb3 1-0

[Event "48th Bosna it"]
[Site "Sarajevo BIH"]
[Date "2018.05.08"]
[Round "6.4"]
[White "Fier, Alexandr"]
[Black "Sadikhov, Ulvi"]
[Result "1/2-1/2"]
[WhiteElo "2580"]
[BlackElo "2473"]
[EventDate "2018.05.05"]
[PlyCount "61"]

1.e4 c5 2.Nf3 e6 3.d4 cxd4 4.Nxd4 a6 5.Nc3 Qc7 6.Be2 b5 7.O-O Bb7 8.Re1 
Nf6 9.Bf3 d6 10.a4 bxa4 11.Rxa4 Nbd7 12.Nb3 Be7 13.Na5 Ne5 14.Nxb7 Qxb7 
15.Be2 O-O 16.f4 Nc6 17.Bf3 Nd7 18.Ra2 Nb6 19.Na4 e5 20.Nxb6 Qxb6+ 21.Be3 
Qc7 22.c3 exf4 23.Bxf4 Ne5 24.Be2 a5 25.Be3 h6 26.Qd5 Bg5 27.Bf2 Rab8 28.
Rd1 Rfd8 29.Kf1 a4 30.Qd4 Qd7 31.Qxa4 1/2-1/2

[Event "48th Bosna it"]
[Site "Sarajevo BIH"]
[Date "2018.05.08"]
[Round "6.5"]
[White "Radovanovic, Nikola"]
[Black "Djukic, Nikola"]
[Result "0-1"]
[WhiteElo "2438"]
[BlackElo "2556"]
[EventDate "2018.05.05"]
[PlyCount "108"]

1.e4 c5 2.Nf3 Nc6 3.d4 cxd4 4.Nxd4 g6 5.c4 Nf6 6.Nc3 Nxd4 7.Qxd4 d6 8.Be2 
Bg7 9.Be3 O-O 10.Qd2 a5 11.O-O a4 12.f3 Qa5 13.Rac1 Be6 14.Nd5 Qxd2 15.
Nxe7+ Kh8 16.Bxd2 Rfe8 17.Nd5 Nxd5 18.cxd5 Bxd5 19.Bb5 Re5 20.Bxa4 Be6 21.
Bb3 Bxb3 22.axb3 Rb5 23.Bc3 Rxb3 24.Bxg7+ Kxg7 25.Rf2 Ra2 26.Rcc2 Kf6 27.
Rfd2 Ke6 28.Kf2 Ra5 29.Ke2 f5 30.exf5+ Rxf5 31.Kd1 Rd5 32.Kc1 Rxd2 33.Rxd2
Re3 34.Rd1 Re5 35.Rd3 Re1+ 36.Kc2 Rh1 37.h3 Rg1 38.Rd2 Ke5 39.b4 d5 40.Kc3
d4+ 41.Kc4 Rc1+ 42.Kb5 Rc6 43.h4 Kd5 44.Rd1 Rc3 45.Kb6 Rb3 46.b5 d3 47.Kc7
Kd4 48.b6 Ke3 49.Kxb7 Ke2 50.Ra1 d2 51.Kc7 d1=Q 52.Rxd1 Kxd1 53.b7 Ke2 54.
f4 Ke3 0-1